[Event "Gwent-ch"]
[Site "Pontypool"]
[Date "2002.09.22"]
[Round "4"]
[White "Rowland, Jeff"]
[Black "Thomas, Jac"]
[Result "1-0"]
[WhiteElo "1659"]
[BlackElo "1406"]
[PlyCount "47"]
[EventDate "2002.09.21"]
[EventType "swiss"]
[EventRounds "5"]
[EventCountry "WLS"]
[SourceTitle "EXT 2006"]
[Source "ChessBase"]
[SourceDate "2005.11.24"]
[SourceVersion "1"]
[SourceVersionDate "2005.11.24"]
[SourceQuality "1"]

1. e4 e5 2. Nf3 Nc6 3. Bc4 Nf6 4. d4 exd4 5. 0-0 Bc5 6. e5 Ng4 7. Bxf7+ Kxf7 8. Ng5+ Ke8 9. Qxg4 d6 10. e6 Ne5 11. Qg3 Qf6 12. Ne4 Qg6 13. Qxg6+ Nxg6 14. Nxc5 dxc5 15. f4 Rf8 16. f5 Nh4 17. g4 h6 18. Bf4 g5 19. Bxc7 Ke7 20. Nd2 h5 21. Ne4 Ke8 22. Bd6 Rh8 23. Nf6+ Kd8 24. e7# 1-0

[Event "Gwent-ch"]
[Site "Pontypool"]
[Date "2002.09.21"]
[Round "3"]
[White "Dixon, Chris"]
[Black "Rowland, Jeff"]
[Result "1/2-1/2"]
[WhiteElo "1786"]
[BlackElo "1659"]
[PlyCount "80"]
[EventDate "2002.09.21"]
[EventType "swiss"]
[EventRounds "5"]
[EventCountry "WLS"]
[SourceTitle "EXT 2006"]
[Source "ChessBase"]
[SourceDate "2005.11.24"]
[SourceVersion "1"]
[SourceVersionDate "2005.11.24"]
[SourceQuality "1"]

1. Nf3 Nf6 2. d4 g6 3. Nc3 Bg7 4. e4 d6 5. Be3 0-0 6. Qd2 a6 7. 0-0-0 b5 8. Bd3 Bb7 9. a3 Ng4 10. Bg5 h6 11. Bf4 e5 12. dxe5 dxe5 13. Bg3 h5 14. Kb1 Nc6 15. h3 Nf6 16. Bh4 Qd6 17. Qe2 Nd4 18. Nxd4 Qxd4 19. Bxb5 Qc5 20. Bc4 Rad8 21. f3 Rfe8 22. g4 Rd6 23. Rxd6 Qxd6 24. Rd1 Qe7 25. gxh5 gxh5 26. Nd5 Bxd5 27. Bxd5 Qc5 28. Qxa6 Nxd5 29. Rxd5 Qg1+ 30. Ka2 Qg2 31. Qd3 Qxh3 32. Bg5 Qe6 33. b3 Qh3 34. Qe2 Re6 35. Rd8+ Kh7 36. Rd3 Rg6 37. Qd2 f6 38. Be3 Qxf3 39. Bb6 Qxe4 40. Bxc7 Rg2 1/2-1/2

[Event "Gwent-ch"]
[Site "Pontypool"]
[Date "2002.09.21"]
[Round "2"]
[White "Rowland, Jeff"]
[Black "Gilbert, Colin"]
[Result "1/2-1/2"]
[WhiteElo "1659"]
[BlackElo "1916"]
[PlyCount "101"]
[EventDate "2002.09.21"]
[EventType "swiss"]
[EventRounds "5"]
[EventCountry "WLS"]
[SourceTitle "EXT 2006"]
[Source "ChessBase"]
[SourceDate "2005.11.24"]
[SourceVersion "1"]
[SourceVersionDate "2005.11.24"]
[SourceQuality "1"]

1. e4 c5 2. Nf3 e6 3. d4 cxd4 4. Nxd4 a6 5. Be3 Qc7 6. Nc3 Bb4 7. Bd2 Nf6 8. Bd3 Nc6 9. Nxc6 dxc6 10. 0-0 e5 11. Nb5 axb5 12. Bxb4 Bd7 13. Bd2 0-0 14. Bg5 Qd6 15. Qe2 h6 16. Bh4 Rad8 17. Rfd1 Qe6 18. Qf3 g5 19. Bg3 g4 20. Qe3 Nh5 21. Bh4 Rde8 22. f3 gxf3 23. Qxf3 Nf4 24. Bg3 Qg4 25. Qxg4+ Bxg4 26. Bxf4 exf4 27. Rf1 f3 28. gxf3 Bh3 29. Rf2 Kh8 30. Bf1 Rg8+ 31. Kh1 Be6 32. Rg2 Rxg2 33. Kxg2 Rd8 34. Bd3 c5 35. Rd1 Bxa2 36. Ra1 c4 37. Bf1 Ra8 38. b3 Ra6 39. Kf2 cxb3 40. cxb3 Bxb3 41. Rb1 Ra2+ 42. Kg3 Bc4 43. Bxc4 bxc4 44. Rxb7 Kg7 45. Rc7 Rc2 46. e5 Kg6 47. f4 Rc1 48. Rc6+ Kg7 49. f5 c3 50. Rc7 c2 51. Kh4 1/2-1/2